Latin Vocab Chapter 15 ecce romani Quiz Stats

 Plays Quiz not verified by Sporcle

Score 0/32 Timer 20:00
0 Plays Today
Latin English % Correct
QuattourFour
81.6%
Duaetwo
76.3%
Rota, ae FWheel
73.7%
LongusLong
73.7%
Nomen, Nominis nName
73.7%
TardusSlow
65.8%
Tempus, Temporis nTime
65.8%
IlludThat
63.2%
Baculum, I nStick
63.2%
Apareo, ereTo appear
60.5%
Bos, Bovis M/FOx
60.5%
Nubes, is Gen. Pl, ium FCloud
60.5%
FortassePerhaps
57.9%
Vehiculum, I nVehicle
57.9%
Silentium, I nSilence
55.3%
Iter, Itineris nJourney
55.3%
Latin English % Correct
Praetereo, ireTo Go Past
52.6%
Auxilium, I nHelp
52.6%
NeopolimTo Naples
50%
TantumOnly
50%
Pulvis, eris MDust
50%
DiuFor a Long Time
44.7%
Periculum, I nDanger
44.7%
Expecto, areTo Look Out For
42.1%
PraetereaBesides
39.5%
Onus, Onerus NLoad, Burden
39.5%
ProculIn the distance, Far off
39.5%
Olivetum, I nOlive Grove
36.8%
Plaustrum, I nWagon, Cart
36.8%
Cubiculum, I nRoom, Bedroom
34.2%
Murmur, is nMurmur, Rumble
26.3%
Vestigium, I nTrack, Footprint, Trace
21.1%

You're not logged in!

Compare scores with friends on all Sporcle quizzes.
OR
Log In

Show Comments

Extras

Top Quizzes Today


Score Distribution

Your Account Isn't Verified!

In order to create a playlist on Sporcle, you need to verify the email address you used during registration. Go to your Sporcle Settings to finish the process.

Report this User

Report this user for behavior that violates our Community Guidelines.

Details: